Flags of the World #8 - Statistics

General Stats
  • This quiz has been taken 53 times
    18 since last reset
  • The average score is 13 of 16
Answer Stats
Picture Answer % Correct
Albania
100%
Bosnia and Herzegovina
100%
Lebanon
100%
Haiti
89%
Malta
89%
Trinidad and Tobago
89%
Armenia
78%
Botswana
78%
Burkina Faso
78%
Gabon
78%
Guinea
78%
Mali
78%
Mozambique
78%
Sudan
78%
Benin
67%
Guyana
67%
No matching quizzes found
Score Distribution
Percent of People with Each Score
Percentile by Number Answered
Your Score History
You have not taken this quiz since the last reset